000 00223nam a2200097Ia 4500
008 170619s9999 xx 000 0 und d
100 _aBhatt Pramod
245 0 _aIntroduction to Operating Systems
260 _bPHI
260 _c2010
546 _aENGLISH
999 _c19698
_d19698